000 00951nam a2200229Ia 4500
003 OSt
005 20210610102143.0
008 210310q1983 ck ad gr 000 0 spa d
040 _aCO-JMCR
_cCO-JMCR
041 0 _aspa
082 0 4 _a333.7915 /
_bI76e
_223
100 1 _aIsaza, Jose Fernando,
_916042
_eautor
245 1 0 _aEnergía :
_baspectos financieros y fiscales /
_cJosé Fernando Isaza
260 _a[Bogotá] :
_bContraloría General de la República,
_c[1983]
300 _a218 páginas :
_bilustraciones y gráficas a blanco y negro ;
_c24 cm.
500 _aIncluye notas a pie de página.
504 _aBibliografía: páginas 215-218
505 0 _aSector petróleo -- Sector carbonífero -- Sector eléctrico -- Energía no convencional -- Balance energético colombiano
650 1 4 _aSector energético
_916044
_xAspectos financieros
_zColombia
650 2 4 _aSector energético
_xAspectos fiscales
_zColombia
_938283
942 _2ddc
_cBK
999 _c7999
_d7999